000 00568nam a2200229Ia 4500
003 OSt
005 20221005133300.0
006 a|||||r|||| 00| 0
007 ta
008 221004b |||||||| |||| 00| 0 eng d
024 _a64276
037 _cTextual
040 _aCRL
_cCRL
_beng
041 _2eng
_aeng
082 _aW6, J5-;1
100 _aKetchum Richard M Ed.
_9642341
245 0 _aWhat is democracy?
260 _c1955
650 _aPOLITICAL SCIENCE
942 _hW6, J5-;1
_cTEXL
_2cc
999 _c1066333
_d1066333